Trópico de capricornio para violonchelo solo

محفوظ في:
التفاصيل البيبلوغرافية
المؤلف الرئيسي: Rendón, Guillermo (مؤلف)
التنسيق: كتاب
اللغة:الإسبانية
منشور في: Bogotá Matiz Rangel 2005
الموضوعات:
الوسوم: إضافة وسم
لا توجد وسوم, كن أول من يضع وسما على هذه التسجيلة!

MARC

LEADER 00000nam a2200000 a 4500
001 UCI1516
003 CL-VaPUC
008 070706e20050000CK |||||||||||||||||spa|d
082 0 4 |a 787.4  |b REN  |2 21 
100 0 |a Rendón, Guillermo  |e author  |9 522077 
245 1 0 |a Trópico de capricornio para violonchelo solo 
300 |a 11 p 
942 |c BK 
945 |d 20070706 00:00:00  |a rbrito 
260 |a Bogotá  |b Matiz Rangel  |c 2005 
650 0 |a Música para violoncello  |9 337408 
650 0 |a Música para cello  |9 522078 
650 0 |a Partituras  |9 324008 
650 0 |a Música instrumental  |9 375235 
583 |a last modification  |c 20070706 00:00:00  |k Rodrigo Vera 
999 |c 326320  |d 326318 
952 |0 0  |1 0  |4 0  |6 787_400000000000000_REN_2005  |7 0  |8 X  |9 408162  |a BIBEDU  |b BIBEDU  |d 2019-11-22  |i 4325214  |o 787.4 REN 2005  |p 4325214  |r 2023-11-22  |w 2019-11-22  |y BK_X  |k MUS